000 00684nam a2200253Ia 4500
003 OSt
005 20221007063517.0
006 a|||||r|||| 00| 0
007 ta
008 221006b |||||||| |||| 00| 0 eng d
024 _a7,317
037 _cTextual
040 _aFLL
_cFLL
_beng
041 _2eng
_aeng
082 _aZ2:33, J6
100 _aDesai S.T. Au.
245 0 _aLaw of partnership in India & Pakistan
250 _a2nd
260 _aCacutta
_bS.C.Sarkar & Sons India
_c1956
300 _alii,432p
_ccm.
650 _aPartnership law in India and Pakistan
_9684391
942 _hZ2:33, J6
_cTEXL
_2CC
999 _c1131411
_d1131411